VILO - Półwyspy świata - Statystyki

Ogólne statystyki
  • Ten quiz został rozwiązany 49 razy
    40 od ostatniego zresetowania
  • Średni wynik to 20 z 25
Odpowiedzi na mapie
Odpowiedzi zakodowano w zielono-czerwonej skali na mapie do tego quizu, zgodnie z poniższymi procentami.
 
Statystyki odpowiedzi
Odpowiedź % Poprawnych
Alaska
96%
Półwysep Indyjski
96%
Półwysep Kalifornijski
96%
Półwysep Skandynawski
96%
Półwysep Somalijski
96%
Krym
92%
Labrador
92%
Półwysep Arabski
92%
Półwysep Koreański
92%
Półwysep Malajski
92%
Kamczatka
84%
Synaj
84%
Jukatan
80%
Nowa Szkocja
80%
Peloponez
80%
Półwysep Bretoński
80%
Azja Mniejsza (Anatolia)
76%
Jork
76%
Półwysep Indochiński
76%
Półwysep Jutlandzki
76%
Czukotka
64%
Półwysep Jamał
64%
Półwysep Kolski
60%
Tajmyr
60%
Ziemia Arnhema
56%
Nie znaleziono quizów pasujących do podanych kryteriów
Rozkład punktacji
Procent ludzi z każdym wynikiem
Percentyl według liczby udzielonych odpowiedzi
Twoja historia wyników
Nie rozwiązałeś tego quizu od ostatniego zresetowania